000 00227nam a2200085Ia 4500
245 0 _aKing Arthur : dragon's child
100 _a HUME, M K. London, 2009
_975796
942 _cBK
008 210817s9999 xx 000 0 und d
999 _c292893
_d292892